Länder, deren Hauptstadt mit einem Vokal beginnt - Sudden Death - Statistiken

Allgemein
  • Dieses Quiz wurde 358 mal gespielt
  • Das Durchschnittsergebnis liegt bei 10 aus 15
Answers on the Grid
Answers color-coded by a green-red scale on the quiz's grid according to % correct below.
Algerien
Argentinien
Äthiopien
Australien
Botswana
Brasilien
Burkina Faso
Deutschland
Griechenland
Indonesien
Irak
Japan
Jordanien
Kanada
Kasachstan
Kirgisistan
Litauen
Mexiko
Mongolei
Nigeria
Norwegen
Pakistan
Paraguay
Rumänien
Spanien
Südafrika
Thailand
Türkei
Turkmenistan
Vereinigte Arabische Emirate
 
Antwortstatistiken
Antwort % Korrekt
Griechenland
90%
Türkei
89%
Algerien
86%
Norwegen
85%
Kanada
78%
Äthiopien
68%
Mongolei
65%
Kasachstan
58%
Jordanien
56%
Pakistan
56%
Vereinigte Arabische Emirate
55%
Paraguay
54%
Burkina Faso
53%
Nigeria
49%
Turkmenistan
43%
Keine übereinstimmenden Quizze gefunden
Verteilung der Resultate
Anzahl Personen mit jedem Resultat
Perzentil nach korrekt beantworteten Fragen
Ihre Resultats-Entwicklung
Sie haben dieses Quiz noch nicht gespielt